David Morrell Bibliography - Statistics

General Stats
  • This quiz has been taken 3 times
  • The average score is 27 of 82
Answer Stats
Type Year Name % Correct
Novelette 1985 Black and White and Red All Over
100%
Short Story 1981 Black Evening
100%
Short Story Collection 1999 Black Evening
100%
Novel 2000 Burnt Sienna
100%
Short Story 1983 But at My Back I Always Hear
100%
Novel 2005 Creepers
100%
Novelette 1985 Dead Image
100%
Novel 1996 Extreme Denial
100%
Novel 1972 First Blood
100%
Short Story 1984 For These and All My Sins
100%
Novelette 1985 Mumbo Jumbo
100%
Novelette 1992 Nothing Will Hurt You
100%
Novelette 1988 Orange Is for Anguish, Blue for Insanity
100%
Novel 1985 Rambo: First Blood Part II
100%
Novel 1988 Rambo III
100%
Novel 1975 Testament
100%
Short Story 1998 Testament: The Unpublished Prologues
100%
Novelette 1991 The Beautiful Uncut Hair of Graves
100%
Novel 1984 The Brotherhood of the Rose
100%
Short Story 1972 The Dripping
100%
Short Story 1981 The Partnership
100%
Novel 2003 The Protector
100%
Novelette 1992 The Shrine
100%
Short Story 1984 The Storm
100%
Novel 1979 The Totem
100%
Novelette 1983 The Typewriter
100%
Novella 1999 Rio Grande Gothic
50%
Comic 2013-2014 The Amazing Spider-Man
50%
Novel 1993 Assumed Identity
0%
Essay 1999 A Trap for the Unwary
0%
Short Story Collection 2019 Before I Wake
0%
Novel 1982 Blood Oath
0%
Essay 2013 Burning Questions
0%
Comic 2007-2008 Captain America: The Chosen
0%
Novel 1994 Desperate Measures
0%
Novel 1998 Double Image
0%
Novel 1990 Fifth Profession
0%
Non-Fiction Book 1988 Fireflies
0%
Novelette 1998 Front Man
0%
Short Story 1989 Habitat
0%
Novelette 1997 If I Should Die Before I Wake
0%
Novel 2015 Inspector of the Dead
0%
Non-Fiction Book 1976 John Barth: An Introduction
0%
Novel 1977 Last Reveille
0%
Non-Fiction Book 2002 Lessons from a Lifetime of Writing: A Novelist Looks at His Craft
0%
Novel 2002 Long Lost
0%
Novel 2013 Murder as Fine Art
0%
Novelette 2010 My Name Is Legion
0%
Short Story Collection 2004 Nightscape
0%
Short Story 2004 Perchance to Dream
0%
Short Story 1994 Presley 45
0%
Short Story 1991 Remains to Be Seen
0%
Essay 2017 Renaissance Man
0%
Novelette 2001 Resurrection
0%
Novel 2016 Ruler of the Night
0%
Comic 2014 Savage Wolverine
0%
Novel 2007 Scavenger
0%
Essay 2007 Scavenger and Time Capsules: Lost Messages from the Past
0%
Short Story Collection 2006 Tales from Nightscape: Front Man, Nothing Will Hurt You, and Resurrection
0%
Short Story 2006 The Abelard Sanction
0%
Novelette 2009 The Architecture of Snow
0%
Short Story 2012 The Companions
0%
Novel 1991 The Covenant of the Flame
0%
Essay 2009 The Curious Odyssey of James Deacon (AKA James Dean) & Where Darkness Is the Only Light
0%
Essay 2015 The Darkness and Light of Tomislav Tikulin
0%
Novel 1985 The Fraternity of the Stone
0%
Short Story 1981 The Hidden Laughter
0%
Novelette 1983 The Hundred-Year Christmas
0%
Novel 1987 The League of Night and Fog
0%
Novel 2010 The Naked Edge
0%
Short Story 2015 The Opium-Eater
0%
Short Story 1999 The Road to Damascus
0%
Novel 2009 The Shimmer
0%
Short Story 2016 The Spiritualist
0%
Novel 2008 The Spy Who Came for Christmas
0%
Non-Fiction Book 2008 The Successful Novelist: A Lifetime of Lessons About Writing and Publishing
0%
Short Story 2006 They
0%
Essay 2009 Time Lapse
0%
Novelette 2005 Time Was
0%
Short Story 1985 Vastation
0%
Essay 1986 Views on Horror and the Limits of Violence
0%
Short Story 2009 Where Darkness Is the Only Light
0%
No matching quizzes found
Score Distribution
Percent of People with Each Score
Percentile by Number Answered
Your Score History
You have not taken this quiz